Reliez les acteurs des comédies françaises à leurs films #2 - Statistiques

Statistiques générales
  • Ce quiz a été pris 641 fois
  • Le résultat moyen est 10 sur 16
Statistiques - réponses
Hint Extra Hint Réponse % Correct
La Grande Vadrouille Stanislas Lefort Louis de Funès
92%
Qu'est-ce qu'on a fait au Bon Dieu ? Claude Verneuil Christian Clavier
83%
Bienvenue chez les Ch'tis Philippe Abrams Kad Merad
80%
Babysitting Franck Philippe Lacheau
79%
Fatal Robert Lafondue Michaël Youn
76%
Astérix & Obélix : Mission Cléopâtre Numérobis Jamel Debbouze
71%
Rien à déclarer Ruben Vandevoorde Benoît Poelvoorde
68%
Le Père Noël est une ordure Pierre Mortez Thierry Lhermitte
66%
Le Dîner de cons François Pignon Jacques Villeret
59%
Nos Jours Heureux Joseph Omar Sy
58%
Mais où est donc passée la septième compagnie ? Pithivier Jean Lefebvre
47%
Didier Jean-Pierre Costa Jean-Pierre Bacri
47%
Bernie Bernie Noël Albert Dupontel
44%
Tanguy Paul Guetz André Dussollier
43%
La Folie des grandeurs Blaze Yves Montand
43%
La Soupe aux choux le Bombé Jean Carmet
39%
Aucun quiz correspondant
Distribution des résultats
% des personnes avec chaque résultat
Percentile par nombre de réponses
Votre historique - résultats
Vous n’avez pas pris ce quiz